| 000 | 00830nam a22003017a 4500 | ||
|---|---|---|---|
| 001 | 0038009 | ||
| 003 | KOHA_MİRAKIL | ||
| 005 | 20260207003047.0 | ||
| 007 | ta | ||
| 008 | 120725b2009 tu |||gr||||#||||0|tur | | ||
| 020 | _a975642804X | ||
| 040 |
_aTR-BiSEU _btur _cTR-BiSEU _erda |
||
| 041 | 0 | _atur | |
| 044 | _ctu | ||
| 050 |
_aHF5655 _b.B45 2009 |
||
| 100 | 1 | _aBektöre, Sabri. | |
| 245 | 1 |
_aGenel muhasebe/ _cSabri Bektöre ; Sabri Bektöre ; Halim Sözbilir, Kerim Banar. |
|
| 250 | _agün. gen. yeni bs. | ||
| 264 | 1 |
_aAnkara : _bPelikan _c2009 |
|
| 300 | _axi,348 sayfa; 24 cm. | ||
| 336 |
_ametin _btxt _2rdacontent |
||
| 337 |
_aaracısız _bn _2rdamedia |
||
| 338 |
_acilt _bnc _2rdacarrier |
||
| 500 | _aKaynakça var. | ||
| 650 | 0 |
_aMuhasebe. _92513 |
|
| 650 | 0 |
_aAccounting. _92913 |
|
| 942 |
_2lcc _cBK |
||
| 999 |
_c37862 _d37862 |
||